| 000 | 01455nam a22002777a 4500 | ||
|---|---|---|---|
| 001 | EPSA 0274 | ||
| 003 | gtcocun | ||
| 005 | 20250918195520.0 | ||
| 006 | a||||gr|||| 00| 0 | ||
| 007 | ta | ||
| 008 | 250918b2024 gt ||||| m||| 00| 0 eng d | ||
| 040 |
_agtcocun _bSPA _cgtcocun _eRDA |
||
| 041 | _aSPA EPSA 0274 | ||
| 084 | _0 EPSA 0274 | ||
| 100 |
_aLuis Isaac Tiul Cu _eAutor |
||
| 245 |
_aINFORMFE FINAL DEL EJERCICIO PROFESIONAL SUPERVISADO, REALIZADO EN PANIFICADORA DOÑA LUCIA S.A. EN EL MUNICIPIO DE TACTIC, ALTA VERAPAZ/ _cLuis Isaac Tiul Cu _hImpreso |
||
| 264 |
_aCobán, Alta Verapaz: _bUniversidad de San Carlos de Guatemala, Centro Universitario del Norte, Licenciatura en Administración de Empresas _c2024 |
||
| 300 |
_bIlustraciones, gráficas. _c28 cm; |
||
| 502 | _eEPSA 0274 | ||
| 502 |
_aEjercicio Profesional Supervisado _bLicenciatura en Administración de Empresas, _cUniversidad de San Carlos de Guatemala, Centro Universitario del Norte, Licenciatura en Administración de Empresas _d2024 _oEPSA 0274 |
||
| 650 |
_2LEMB _aTactic, Alta Verapaz _xAdministración _xPracticas profesionales _xDiagnóstico organizacional _xPlanificación estrategica _xEjecución de proyectos _xGestión empresarial _xMejora continua |
||
| 700 |
_aLcda. Sayda Lisbeth Lem Hernández _eAsesor |
||
| 856 |
_uSin archivo en línea. _zSin archivo en línea. |
||
| 942 |
_2ddc _cTES _iEPSA 0274 _kClasificación _n0 _6EPSA_0274_000000000000000 |
||
| 999 |
_c1973 _d1973 |
||